000
00301nam a2200121Ia 4500
005
20251222155043.0
008
251222s9999||||xx |||||||||||||| ||spa||
082
_a
GIN.21.1-2/Ej.2
100
_a
C.M. San Bartolomé
245
0
_a
Avances en medicina materno perinatal
264
_b
Minsa
942
_c
LIB
999
_c
36992
_d
36992